000 03044nam0a2200445 4500
001 RU\NLR\BIBL_A\012772736
005 20230322144115.0
010 _a978-5-98238-101-9
_9500
021 _aRU
_bКН-П-22-000215
_9КН-П-22-0014
035 _a(NLR Aleph) 012772736
035 _a(RuMoRGB)010954761
090 _a13097870
_c13097870
100 _a20220425d2021 k y0rusy50 ca
101 0 _arus
102 _aRU
105 _aa j 000zy
181 0 _ai
_baxxe
182 0 _an
200 1 _aМодель медико-социальной реабилитации инвалидов и лиц пожилого возраста с различными уровнями сохранности здоровья по месту их жительства
_eметодические рекомендации
_fМуравьева Татьяна Петровна, Гусева Наталья Юрьевна, Кольцова Елена Константиновна [и др.]
_gПравительство Санкт-Петербурга, Комитет по социальной политике Санкт-Петербурга, Санкт-Петербургское государственное автономное образовательное учреждение высшего образования "Санкт-Петербургский государственный институт психологии и социальной работы"
203 _aТекст
_bвизуальный
_cнепосредственный
210 _aСанкт-Петербург
_cСПбГИПСР
_d2021
215 _a56 с.
_cил.
_d21
300 _aАвт. указаны на обороте тит. с
320 _aБиблиогр.: с. 48-50 (26 назв.)
606 1 _aИнвалиды
_jМетодические пособия
_xМедико-социальная помощь
_yСанкт-Петербург, город
_92524244
_3RU\NLR\AUTH\6601709849
606 1 _aПожилые и старые люди
_jМетодические пособия
_xМедико-социальная помощь
_yСанкт-Петербург, город
_92524246
_3RU\NLR\AUTH\6601709850
686 1 _aР11(2)297я8
686 1 _aР11(2)292я8
686 1 _aС550.473я8
686 1 _aС550.325.3я8
701 1 _aМуравьева
_bТ. П.
_gТатьяна Петровна
701 1 _7ca
_8rus
_aГусева
_bН. Ю.
_cгос. служащая, соц. обслуживание
_gНаталья Юрьевна
_9244818
_3RU\NLR\AUTH\770244874
701 1 _aКольцова
_bЕ. К.
_gЕлена Константиновна
712 0 2 _4475
_aСанкт-Петербургский государственный институт психологии и социальной работы
_9605567
_3RU\NLR\AUTH\8810052586
942 _cBOOK
980 _aNB